000 01552cam a2200421 a 4500
001 3288
005 20250131092940.0
020 _a9781416914617
040 _aDLC
_cDLC
_dIG#
_dBTCTA
_dBAKER
_dKLC
_dDLC
_beng
050 0 0 _aPZ7.R982
_b 2008
082 0 0 _a257
100 1 _aRylant, Cynthia
245 1 0 _aAnnie and snowball and the Teacup club :
_bThe third book of their adventures /
_cCynthia Rylant ; illustrated by Suçie Stevenson
250 _aFirst Alandin Paperbacks edition April 2009
260 _aNew York :
_bSimon & Schuster,
_c2008
300 _a40 pages :
_bcolor illustrations ;
_c24 cm.
490 _a Annie and Snowball
_vbook 3
490 _aReady-to-read
_vLevel 2
505 _aL
520 _aAnnie forms a club for girls who love teacups and other dainty things, but she will always love her cousin Henry and his big drooly dog too.
521 _a520
_bLexile
521 _aL
_bRaz-Plus
650 0 _aTea
_vJuvenile fiction
650 0 _aClubs
_vJuvenile fiction
650 0 _aRabbits
_vJuvenile fiction
650 0 _aDogs
_vJuvenile fiction
650 0 _aCousins
_vJuvenile fiction
650 0 _aHenry (Fictitious character : Rylant)
_vJuvenile fiction
650 0 _aMudge (Fictitious character : Rylant)
_vJuvenile fiction
650 1 _aTea
_vFiction
650 1 _aClubs
_vFiction
650 1 _aRabbits
_vFiction
650 1 _aDogs
_vFiction
650 1 _aCousins
_vFiction
700 1 _aStevenson, Suçie
_eillustrator
906 _a7
_bcbc
_corignew
_d1
_eecip
_f20
_gy-gencatlg
942 _2ddc
_cBK
_n0
999 _c3288
_d3288